Statistiques concernant Opening 1 Tokyo Ghoul (unravel)

Cliquez ici pour prendre le quiz!

Statistiques générales

  • Ce quiz a été pris 6 fois
  • Le résultat moyen est 49 sur 190

Statistiques - réponses

Paroles% Correct
boku
83%
wo
83%
na
67%
ni
67%
oshiete
67%
no
50%
no?
50%
sekai
50%
sono
50%
wa
50%
yo
50%
kimi
33%
dan
17%
dare
17%
de
17%
freeze
17%
ga
17%
iki
17%
iru
17%
kono
17%
koto
17%
kowareta
17%
kowasenai
17%
kowaseru
17%
mitsukete
17%
mitsumenaide
17%
nai
17%
naka
17%
nante
17%
sa
17%
shikumi
17%
tomete
17%
yureta
17%
anata
0%
azayaka
0%
azayakana
0%
darake
0%
dareka
0%
egaida
0%
futari
0%
futatsu
0%
hirogaru
0%
hodokenai
0%
hodokete
0%
hodoku
0%
horobiru
0%
kaerarenai
0%
kaerarenakatta
0%
karamaru
0%
kawatte
0%
kegasenai
0%
kioku
0%
kizutsuketaku
0%
kowerata
0%
koweseru
0%
kuruenai
0%
kurueru
0%
mae
0%
mama
0%
mienaku
0%
miezu
0%
mirai
0%
mitsukenaide
0%
mou
0%
mugen
0%
mujaki
0%
nanimo
0%
natte
0%
oboeteite
0%
omoidashite
0%
paradise
0%
paralyze
0%
sae
0%
sasatte
0%
shikunda
0%
shimatta
0%
shimau
0%
shinjitsu
0%
sukitootte
0%
the
0%
ugokenai
0%
unravelling
0%
wana
0%
waratta
0%
warau
0%
wasurenaide
0%
world
0%
yuganda
0%

Distribution des résultats

Percentile par nombre de réponses

% des personnes avec chaque résultat

Votre développement - résultats

Vous n’avez pas pris ce quiz